Manual práctico del nuevo plan contable general empresarial (Registro nro. 17319)

Detalles MARC
000 -Cabecera
Campo de control interno 00462nam a2200181Ia 4500
005 - Fecha y hora del registro
control field 20260306171509.0
008 - Elementos de Longitud Fija
fixed length control field 260306s9999||||xx |||||||||||||| ||und||
041 ## - Idioma
Codigo Idioma ESP
082 ## - DEWEY y NOTACIÓN INTERNA
Dewey 657.61
Notación Interna R92 2022
100 ## - AUTOR
Autor denominación Rueda Peves, Justo
Término de relación autor
245 #0 - TÍTULO DE MATERIAL BIBLIOGRÁFICO
Título Manual práctico del nuevo plan contable general empresarial
260 ## - CIUDAD, EDITORIAL, AÑO
Año 2022
300 ## - DESCRIPCIÓN
N° Páginas 560 páginas :
Dimensiones 20 cm.
650 ## - TEMAS
Temas Generalidades
654 ## - PROGRAMAS
Programa Dpto. de Contabilidad
942 ## - ELEMENTOS DE KOHA
Tipo de documento Libro
Nombre del creador Justo Noguera
Código de catalogador Justo Noguera
Esquema de clasificación Dewey Decimal Classification
Suppress in OPAC
Existencias
Codigo completo Registro Colección Copia número Disponibilidad Tipo de préstamo Biblioteca Actual Procedencia (Biblioteca) Ubicacón Fecha Ingreso Tipo de Adquisición Date last seen Total checkouts Price effective from Tipo de Item Estado del Material Fuente de Clasificación Damaged status Withdrawn status
657.61 R92 2022 1074897 Universidad Católica San Pablo 3 Disponible Disponible Víctor Andrés Belaunde Víctor Andrés Belaunde Primer piso 03/06/2026 Donación 06/03/2026   06/03/2026 Libro Bueno Dewey Decimal Classification